000 01544cam a22003255i 4500
001 654211
003 EG-ScBUE
005 20250813093342.0
008 940901s1994 waua f b 101 0 eng d
020 _a0841230366
040 _aEG-ScBUE
_beng
_erda
_cEG-ScBUE
_dEG-ScBUE
082 0 4 _a546
_222
_bINO
245 0 0 _aInorganic and organometallic polymers II :
_badvanced materials and intermediates : developed from a symposium sponsored by the Division of Polymer Chemistry, Inc., at the 205th National Meeting of the American Chemical Society, Denver, Colorado, March 28-April 2, 1993 /
_cPatty Wisian-Neilson, editor, Southern Methodist University, Harry R. Allcock, editor, Pennsylvania State University, Kenneth J. Wynne, editor, Office of Naval Research.
264 1 _aWashington :
_bAmerican Chemical Society,
_c1994.
300 _axiii, 536 pages :
_billustrations ;
_c24 cm.
336 _2rdacontent
_atext
_btxt
337 _aunmediated
_2rdamedia
_bn
338 _avolume
_bnc
_2rdacarrier
490 0 _aACS symposium series,
_x0097-6156 ;
_v572
504 _aIncludes bibliographical references and index.
650 7 _aInorganic polymers
_vCongresses.
_2BUEsh
650 7 _aOrganometallic polymers
_vCongresses.
_2BUEsh
653 _bGGEN
_cDecember2017
655 _vReading book
700 2 _aWisian-Neilson, Patty,
_d1949-
_eeditor.
700 1 _aAllcock, H. R.,
_eeditor.
700 1 _aWynne, Kenneth J.,
_d1940-
_eeditor.
710 2 _aAmerican Chemical Society.
_bMeeting
_n(205th :
_d1993 :
_cDenver, Colo.)
942 _2ddc
_cBB
999 _c25756
_d25728